Normal view MARC view
  • Arriagada, Irma

Entry Nombre Personal

Number of records used in: 1

001 - NUMERO DE CONTROL

  • campo de control: 51035

003 - IDENTIFICADOR DE NUMERO DE CONTROL

  • campo de control: DLC

005 - FECHA Y HORA DE LA ÜLTIMA TRANSACCIÓN

  • campo de control: 20240214120242.0

008 - DATOS DE LONGITUD FIJA

  • campo de control de longitud fija: 990709n| acannaab |n aaa c

010 ## - NÚMERO DE CONTROL DE LA BIBLIOTECA DEL CONGRESO

  • Número de control LC: no 99048952

035 ## - NUMERO DE CONTROL

  • Número de control: (OCoLC)oca05023673

040 ## - FUENTE DE CATALOGACIÓN

  • Agencia original de catalogación: DJBF
  • Lenguaje de catalogación: spa
  • Agencia de transcripción: DJBF
  • Agencia que lo modifica: MX-MxUPN

100 1# - ENCABEZAMIENTO - NOMBRE PERSONAL

  • Nombre personal: Arriagada, Irma

670 ## - FUENTE EN LA QUE SE LOCALIZARON DATOS

  • Cita de la fuente: The urban female labour market in Latin America, 1998:
  • Información localizada: portada (Irma Arriagada)

670 ## - FUENTE EN LA QUE SE LOCALIZARON DATOS

  • Cita de la fuente: Familias y políticas públicas en América Latina : una historia de desencuentros, 2007:
  • Información localizada: portada (Irma Arriagada)

902 ## - CATALOGADOR

  • Catalogador: Víctor Ruiz/140224